000 00676nam a22002057a 4500
003 OSt
005 20260505084201.0
008 260505b |||||||| |||| 00| 0 eng d
020 _a0-7645-2524-7
040 _aDWC-Main lib
_cOC
082 _aCirc. 808.6 B648w 2004
100 _aBly, Robert W.
245 _aWebster's new world :
_bletter writing handbook
_cRobert W. Bly
260 _aIndianapolis, Indiana :
_bWiley,
_cc2004.
300 _axiv, 584 pages :
_c23 cm.
504 _aIncludes index
650 _a1. Letter writing--Handbooks, manuals, etc.
650 _a2. English language--Rhetoric--Handbooks, manuals, etc.
942 _2ddc
_cBK-CIRC
_hCirc.
_n0
999 _c10263
_d10263